LEADER 00915nam0-22003011i-450- 001 990002882280403321 035 $a000288228 035 $aFED01000288228 035 $a(Aleph)000288228FED01 035 $a000288228 100 $a20000920d1997----km-y0itay50------ba 101 0 $aENG 200 1 $aItalian statistical abstract 1997$fIstituto Nazionale di Statistica 210 $aRoma$cIstat$d1997 215 $a229 p.$d18 cm 300 $aIn testa al frontespizio: "National Statistical System. National Statistical Institute" 610 0 $aIstat$aItalia$a1991-95 610 0 $aItalia$astatistiche generali$a1991-95 676 $a945.1 700 1$aIstat$0445627 801 0$aIT$bUNINA$gRICA$2UNIMARC 901 $aBK 912 $a990002882280403321 952 $aC-D-I-I-S-A-97b-Pos-54$b5742$fMAS 959 $aMAS 996 $aItalian statistical abstract 1997$9415886 997 $aUNINA DB $aING01